Design textbooks in civil engineering (Record no. 25613)

000 -LEADER
fixed length control field 00515nam a22001937a 4500
001 - CONTROL NUMBER
control field 25613
003 - CONTROL NUMBER IDENTIFIER
control field BD-DhUET
008 - FIXED-LENGTH DATA ELEMENTS--GENERAL INFORMATION
fixed length control field 150516b xxu||||| |||| 00| 0 eng d
040 ## - CATALOGING SOURCE
Original cataloging agency DLC
Transcribing agency DLC
Modifying agency BD-DhUET
082 ## - DEWEY DECIMAL CLASSIFICATION NUMBER
Classification number 624.04
Item number LEL/1965
100 ## - MAIN ENTRY--PERSONAL NAME
Personal name Leliavsky, Serge
245 ## - TITLE STATEMENT
Title Design textbooks in civil engineering
Remainder of title River and canal hydraulics
250 ## - EDITION STATEMENT
Edition statement 1st ed.
260 ## - PUBLICATION, DISTRIBUTION, ETC. (IMPRINT)
Place of publication, distribution, etc. London
Name of publisher, distributor, etc. Chapman and Hall
Date of publication, distribution, etc. 1965
300 ## - PHYSICAL DESCRIPTION
Extent viii, 228p.
Other physical details ill.
500 ## - GENERAL NOTE
General note Vol. IV
650 #0 - SUBJECT ADDED ENTRY--TOPICAL TERM
Topical term or geographic name as entry element Civil engineering
942 ## - ADDED ENTRY ELEMENTS (KOHA)
Koha item type General Book
Holdings
Koha normalized classification for sorting Date acquired Koha date last seen Koha item type Withdrawn status Piece designation (barcode) Shelving location Location (home branch) Sublocation or collection (holding branch) Source of classification or shelving scheme Damaged status Lost status Copy number Koha full call number Price effective from Not for loan
624_040000000000000_LEL_19652015-05-162015-05-16General Book 19958Circulation sectionCentral Library, BUETCentral Library, BUET   1624.04/LEL/19652015-05-16 
624_040000000000000_LEL_19652015-05-162015-05-16General Book 7645Circulation sectionCentral Library, BUETCentral Library, BUET   2624.04/LEL/19652015-05-16